000 00235nam a2200097Ia 4500
008 230331s9999 xx 000 0 und d
020 _a1-5641-4032-6
100 _aTIMM, PAUL
_9178265
245 0 _a51 WAYS TO SAVE YOUR JOB
942 _cBK
_w561
_xJohn Tresidder
_y561
_zJohn Tresidder
999 _c748543
_d748542